| 000 | 00864cam a22002891 4500 | ||
|---|---|---|---|
| 001 | 7414743 | ||
| 003 | OSt | ||
| 005 | 20140310181650.0 | ||
| 008 | 720113s1948 nyua 000 1 eng | ||
| 010 | _a 48001649 | ||
| 020 | _a0140363351 | ||
| 035 | _a(OCoLC)217598 | ||
| 040 |
_aDLC _cOTifH _dWaChenE _dDLC |
||
| 042 | _apremarc | ||
| 050 | 0 | 0 |
_aPZ 7 _b.R1683Dau 1993 |
| 082 |
_aKF _bR16d 1976 |
||
| 100 | 1 |
_aRankin, Louise, _d1897- _96920 |
|
| 245 | 1 | 0 |
_aDaughter of the mountains / _cillus. by Kurt Wiese. |
| 260 |
_aUnited State of america: _bPuffin Books, _c[c1948]. |
||
| 300 |
_a191 p. : _bill. ; _c25 cm. |
||
| 541 | _j1 | ||
| 562 | _efor circulation. 1copy available in the collection | ||
| 650 |
_aFiction _9746 |
||
| 700 | 1 |
_aWiese, Kurt, _d1887-1974. _96921 |
|
| 906 |
_a7 _bcbc _coclcrpl _du _encip _f19 _gy-gencatlg |
||
| 942 |
_2lcc _cBK-KF _kKF |
||
| 999 |
_c971 _d971 |
||